Continental European Literature (Record no. 122451)
[ view plain ]
| 000 -LEADER | |
|---|---|
| fixed length control field | 00587nam a22001577a 4500 |
| 008 - FIXED-LENGTH DATA ELEMENTS--GENERAL INFORMATION | |
| fixed length control field | 150313b xxu||||| |||| 00| 0 eng d |
| 050 ## - LIBRARY OF CONGRESS CALL NUMBER | |
| Classification number | PN771.H38 |
| 100 ## - MAIN ENTRY--PERSONAL NAME | |
| Personal name | Heiney, Donald (ed.) |
| 9 (RLIN) | 16369 |
| 245 ## - TITLE STATEMENT | |
| Title | Continental European Literature |
| Statement of responsibility, etc | Donald Heiney ed. |
| 260 ## - PUBLICATION, DISTRIBUTION, ETC. (IMPRINT) | |
| Place of publication, distribution, etc | New York |
| Name of publisher, distributor, etc | Barron's Educational Series, Inc |
| Date of publication, distribution, etc | 1974 |
| 300 ## - PHYSICAL DESCRIPTION | |
| Extent | xiv, 382p. ; |
| Dimensions | 20cm. |
| 440 ## - SERIES STATEMENT/ADDED ENTRY--TITLE | |
| Title | Essential contemporary literature of the western world |
| Number of part/section of a work | no.1 |
| 9 (RLIN) | 16370 |
| 650 ## - SUBJECT ADDED ENTRY--TOPICAL TERM | |
| Topical term or geographic name as entry element | Literature, modern |
| General subdivision | History criticism |
| Chronological subdivision | 20th Century |
| 9 (RLIN) | 16371 |
| 700 ## - ADDED ENTRY--PERSONAL NAME | |
| Personal name | Downs, Lentheiel H. (ed.) |
| 9 (RLIN) | 16894 |
| 942 ## - ADDED ENTRY ELEMENTS (KOHA) | |
| Source of classification or shelving scheme | Library of Congress Classification |
| Item type | Monograph ( Printed materials) |
| Withdrawn status | Lost status | Source of classification or shelving scheme | Damaged status | Not for loan | Collection code | Home library | Current library | Shelving location | Date acquired | Total Checkouts | Full call number | Barcode | Date last seen | Price effective from | Koha item type |
|---|---|---|---|---|---|---|---|---|---|---|---|---|---|---|---|
| Library of Congress Classification | Main Collection | ARRUPE LIBRARY | ARRUPE LIBRARY | Main Collection | 13/03/2015 | PN771.H38 | 46500002651 | 27/03/2019 | 13/03/2015 | Monograph ( Printed materials) |